[Event "3MCR_4D_1L_3S"]
[Site "?"]
[Date "1999.??.??"]
[Round "3"]
[White "Soucha, Stepan"]
[Black "Pletanek, Jan"]
[Result "1/2-1/2"]
[WhiteElo "2265"]
[BlackElo "2445"]
[PlyCount "64"]
[EventDate "1999.??.??"]
[EventType "corr"]

1. d4 Nf6 2. c4 g6 3. Nc3 Bg7 4. e4 d6 5. Be2 O-O 6. Nf3 e5 7. O-O Nc6 8. d5
Ne7 9. b4 a5 10. Ba3 axb4 11. Bxb4 Nd7 12. a4 Bh6 13. a5 f5 14. Nd2 Kh8 15. Bd3
Nf6 16. c5 dxc5 17. Bxc5 b6 18. Bb4 c5 19. dxc6 bxa5 20. Bxe7 Qxe7 21. Nc4 Qc5
22. exf5 Bxf5 23. Na4 Qxc6 24. Nxe5 Qc7 25. Bxf5 Qxe5 26. Bc2 Rad8 27. Qe1 Qc7
28. Bd1 Bd2 29. Qe6 Bf4 30. g3 Be5 31. Ra2 Ne4 32. Rc2 Qb8 1/2-1/2

[Event "3MCR_4D_1L_3S"]
[Site "?"]
[Date "1999.??.??"]
[Round "3"]
[White "Vicenec, Roman"]
[Black "Hala, Martin"]
[Result "1/2-1/2"]
[WhiteElo "2000"]
[BlackElo "2435"]
[PlyCount "51"]
[EventDate "1999.??.??"]
[EventType "corr"]

1. e4 e5 2. Nf3 Nc6 3. Bb5 f5 4. Nc3 fxe4 5. Nxe4 d5 6. Nxe5 dxe4 7. Nxc6 Qg5
8. Qe2 Nf6 9. f4 Qh4+ 10. g3 Qh3 11. Ne5+ c6 12. Bc4 Bc5 13. d3 Ng4 14. Qxe4
Nf2 15. Bf7+ Kd8 16. Qc4 Bb6 17. Rf1 Qxh2 18. Qb4 Bf5 19. Qd6+ Kc8 20. Be6+
Bxe6 21. Qxe6+ Kb8 22. Qe7 a5 23. Nc4 Ka7 24. Nd6 Rae8 25. Nxe8 Qxg3 26. Ke2
1/2-1/2

[Event "3MCR_4D_1L_3S"]
[Site "?"]
[Date "1999.??.??"]
[Round "3"]
[White "Symersky, Petr"]
[Black "Hybl, Vladislav"]
[Result "1/2-1/2"]
[WhiteElo "2200"]
[BlackElo "2200"]
[PlyCount "53"]
[EventDate "1999.??.??"]
[EventType "corr"]

1. d4 Nf6 2. Nf3 c5 3. d5 d6 4. c4 e6 5. Nc3 exd5 6. cxd5 g6 7. g3 Bg7 8. Bg2
O-O 9. O-O Nbd7 10. Nd2 a6 11. a4 Re8 12. Nc4 Nb6 13. Na3 Bd7 14. Bd2 Nxa4 15.
Nxa4 b5 16. Nc3 b4 17. Nc4 bxc3 18. Bxc3 Bb5 19. b3 Ng4 20. Bxg7 Kxg7 21. e4
Ne5 22. Qc2 Qf6 23. Rfe1 g5 24. Ra2 g4 25. Nxe5 Rxe5 26. Re3 Qg6 27. h3 1/2-1/2

[Event "3MCR_4D_1L_3S"]
[Site "?"]
[Date "1999.??.??"]
[Round "3"]
[White "Priesol, Daniel"]
[Black "Novak, Jindrich"]
[Result "1/2-1/2"]
[WhiteElo "2230"]
[BlackElo "2160"]
[PlyCount "72"]
[EventDate "1999.??.??"]
[EventType "corr"]

1. e4 c6 2. d4 d5 3. Nc3 dxe4 4. Nxe4 Nf6 5. Nxf6+ exf6 6. c3 Bf5 7. Ne2 Bd6 8.
Ng3 Bg6 9. Bc4 O-O 10. O-O Bxg3 11. hxg3 Nd7 12. Re1 Nb6 13. Bb3 Qd7 14. Qf3
Rfe8 15. Bd2 Nd5 16. Rxe8+ Rxe8 17. Re1 Rxe1+ 18. Bxe1 Qe6 19. Bd2 Be4 20. Qe2
Bf5 21. Qxe6 fxe6 22. f3 h5 23. Kf2 Kf7 24. c4 Nb6 25. Ke3 Ke7 26. Bb4+ Kd7 27.
a4 g5 28. a5 Nc8 29. Ba4 Nd6 30. Bb3 Bg6 31. Bxd6 Kxd6 32. c5+ Kd7 33. Bc4 a6
34. Bd3 Bxd3 35. Kxd3 f5 36. f4 g4 1/2-1/2

[Event "3MCR_4D_1L_3S"]
[Site "?"]
[Date "1999.??.??"]
[Round "3"]
[White "Sedlacek, Tomas"]
[Black "Hladecek, Miloslav"]
[Result "1/2-1/2"]
[WhiteElo "2190"]
[BlackElo "2135"]
[PlyCount "60"]
[EventDate "1999.??.??"]
[EventType "corr"]

1. d4 Nf6 2. Nf3 e6 3. Bf4 c5 4. e3 Qb6 5. Qc1 Nc6 6. c3 Nh5 7. Bg3 d5 8. Nbd2
cxd4 9. exd4 Nxg3 10. hxg3 e5 11. Nb3 e4 12. Ne5 Be7 13. Qf4 Be6 14. Nxc6 bxc6
15. Be2 h6 16. Bg4 Bxg4 17. Qxg4 Kf8 18. Rb1 Qa6 19. Ra1 Rb8 20. Qe2 Qxe2+ 21.
Kxe2 f5 22. Rhb1 Kf7 23. Na5 Rb6 24. b4 h5 25. a4 Rhb8 26. Nb3 Ke6 27. a5 Rb5
28. Rh1 g6 29. Rad1 Rd8 30. Rh3 Ra8 1/2-1/2

[Event "3MCR_4D_1L_3S"]
[Site "?"]
[Date "1999.??.??"]
[Round "3"]
[White "Symersky, Petr"]
[Black "Adamcik, Martin"]
[Result "1/2-1/2"]
[WhiteElo "2200"]
[BlackElo "2215"]
[PlyCount "58"]
[EventDate "1999.??.??"]
[EventType "corr"]

1. d4 Nf6 2. c4 g6 3. Nf3 Bg7 4. g3 O-O 5. Bg2 d6 6. O-O c5 7. Nc3 Nc6 8. d5
Na5 9. Nd2 a6 10. Qc2 Rb8 11. b3 b5 12. Bb2 Bh6 13. f4 bxc4 14. bxc4 Ng4 15.
Nd1 Rxb2 16. Qxb2 Bg7 17. Qc1 e5 18. fxe5 Bxe5 19. Rb1 Bd4+ 20. Kh1 Ne3 21.
Nxe3 Bxe3 22. Qc3 Bxd2 23. Qxd2 Nxc4 24. Qc3 Ne5 25. Rb8 Qc7 26. Rfb1 Bd7 27.
R8b7 Qd8 28. Qc2 Bb5 29. a4 Qc8 1/2-1/2

[Event "3MCR_4D_1L_3S"]
[Site "?"]
[Date "1999.??.??"]
[Round "3"]
[White "Riha, Jan"]
[Black "Vicenec, Roman"]
[Result "1/2-1/2"]
[WhiteElo "2305"]
[BlackElo "2000"]
[PlyCount "59"]
[EventDate "1999.??.??"]
[EventType "corr"]

1. e4 c5 2. Nf3 d6 3. d4 cxd4 4. Nxd4 Nf6 5. Nc3 a6 6. Be2 e5 7. Nb3 Be7 8. O-O
Be6 9. f4 Qc7 10. a4 Nbd7 11. Kh1 O-O 12. a5 Rfc8 13. Be3 Bc4 14. Bxc4 Qxc4 15.
Ra4 Qc6 16. h3 Rc7 17. Qf3 Rac8 18. Rd1 exf4 19. Nd4 Ne5 20. Nxc6 Nxf3 21.
Nxe7+ Rxe7 22. Bxf4 Ne5 23. Rad4 Nc4 24. Bxd6 Ree8 25. e5 Nxe5 26. Bxe5 Rxe5
27. Rd8+ Rxd8 28. Rxd8+ Re8 29. Rxe8+ Nxe8 30. Nd5 1/2-1/2

[Event "3MCR_4D_1L_3S"]
[Site "?"]
[Date "1999.??.??"]
[Round "3"]
[White "Vicenec, Roman"]
[Black "Soucha, Stepan"]
[Result "1/2-1/2"]
[WhiteElo "2000"]
[BlackElo "2265"]
[PlyCount "54"]
[EventDate "1999.??.??"]
[EventType "corr"]

1. e4 e5 2. Nf3 Nc6 3. Bb5 a6 4. Ba4 Nf6 5. O-O Be7 6. Re1 b5 7. Bb3 d6 8. c3
O-O 9. h3 Bb7 10. d4 Re8 11. Nbd2 Bf8 12. d5 Nb8 13. Nf1 Nbd7 14. N3h2 Nc5 15.
Bc2 c6 16. b4 Ncd7 17. dxc6 Bxc6 18. Ng3 Qc7 19. Ng4 Nxg4 20. hxg4 Nb6 21. Bb3
d5 22. exd5 Rad8 23. Bg5 Rd7 24. Qf3 Bxd5 25. Bxd5 Nxd5 26. Rad1 Qc4 27. Ne4
Re6 1/2-1/2

[Event "3MCR_4D_1L_3S"]
[Site "?"]
[Date "1999.??.??"]
[Round "3"]
[White "Priesol, Daniel"]
[Black "Vicenec, Roman"]
[Result "1/2-1/2"]
[WhiteElo "2230"]
[BlackElo "2000"]
[PlyCount "55"]
[EventDate "1999.??.??"]
[EventType "corr"]

1. e4 c5 2. c3 Nf6 3. e5 Nd5 4. d4 cxd4 5. Nf3 Nc6 6. cxd4 d6 7. Bc4 Nb6 8. Bb5
dxe5 9. Nxe5 Bd7 10. Nxd7 Qxd7 11. Nc3 e6 12. O-O a6 13. Bxc6 Qxc6 14. Qg4 Rc8
15. Re1 Nd5 16. Bd2 Nf6 17. Qg3 Rd8 18. Rac1 Bd6 19. Qh4 Be7 20. Qg3 Qb6 21.
Be3 Qxb2 22. Qxg7 Rg8 23. Qh6 Rg6 24. Qf4 Ng4 25. Re2 Qa3 26. Nb1 Qd6 27. Qxd6
Bxd6 28. h3 1/2-1/2

[Event "3MCR_4D_1L_3S"]
[Site "?"]
[Date "1999.??.??"]
[Round "3"]
[White "Pletanek, Jan"]
[Black "Sedlacek, Tomas"]
[Result "1-0"]
[WhiteElo "2445"]
[BlackElo "2190"]
[PlyCount "71"]
[EventDate "1999.??.??"]
[EventType "corr"]

1. e4 e6 2. d4 d5 3. Nc3 Nf6 4. Bg5 Bb4 5. e5 h6 6. Bc1 Ne4 7. Qg4 g6 8. Nge2
c5 9. a3 Bxc3+ 10. Nxc3 Nxc3 11. bxc3 Qa5 12. Bd2 Qa4 13. c4 Nc6 14. c3 cxd4
15. cxd4 dxc4 16. Be2 Qb3 17. O-O Qb2 18. Be3 Na5 19. Rfb1 Qc2 20. Bd1 Qf5 21.
Qe2 Qd3 22. Qb2 Nb3 23. Bc2 Qe2 24. Ra2 O-O 25. Qc3 Qg4 26. f3 Qh4 27. Be4 Kg7
28. Rd1 Qe7 29. Qxc4 Na5 30. Qc3 Nc6 31. d5 exd5 32. Bc5 Qxe5 33. Bxf8+ Kxf8
34. Qxe5 Nxe5 35. Bxd5 Bf5 36. Rb2 1-0

[Event "3MCR_4D_1L_3S"]
[Site "?"]
[Date "1999.??.??"]
[Round "3"]
[White "Sedlacek, Tomas"]
[Black "Fiala, Jaroslav"]
[Result "1/2-1/2"]
[WhiteElo "2190"]
[BlackElo "2445"]
[PlyCount "61"]
[EventDate "1999.??.??"]
[EventType "corr"]

1. d4 Nf6 2. Nf3 e6 3. Bf4 c5 4. e3 cxd4 5. exd4 Qb6 6. Qc1 Nc6 7. c3 d5 8.
Nbd2 Be7 9. Bd3 O-O 10. O-O Bd7 11. Qc2 Rfc8 12. Qb3 Na5 13. Qxb6 axb6 14. Ne5
Be8 15. Rfe1 b5 16. a3 Nc4 17. Rab1 Nh5 18. Be3 f6 19. Nef3 Bd6 20. Nb3 b6 21.
g3 Ra7 22. Nfd2 g5 23. f3 Re7 24. Bf2 Ng7 25. Nf1 Bh5 26. g4 Bg6 27. Bxg6 hxg6
28. Ne3 Kf7 29. Kg2 Bf4 30. Nc2 Ne8 31. Nb4 1/2-1/2

[Event "3MCR_4D_1L_3S"]
[Site "?"]
[Date "1999.??.??"]
[Round "3"]
[White "Sedlacek, Tomas"]
[Black "Symersky, Petr"]
[Result "1-0"]
[WhiteElo "2190"]
[BlackElo "2200"]
[PlyCount "73"]
[EventDate "1999.??.??"]
[EventType "corr"]

1. d4 Nf6 2. Nf3 e6 3. Bf4 d5 4. e3 c5 5. Nbd2 Nc6 6. c3 Bd6 7. Bg3 O-O 8. Bd3
Qe7 9. Ne5 Bxe5 10. dxe5 Nd7 11. f4 f6 12. Qh5 g6 13. exf6 Nxf6 14. Qg5 Nh5 15.
Bh4 Qc7 16. O-O-O e5 17. Nf3 Bf5 18. Nxe5 Nxe5 19. fxe5 Rae8 20. Rhf1 Bxd3 21.
Rxf8+ Kxf8 22. Rxd3 Rxe5 23. Qh6+ Kg8 24. g4 Qf7 25. h3 Qf3 26. Rd2 Ng7 27. Bf2
Ne6 28. Qh4 Ng5 29. Bg3 Qxe3 30. Bxe5 Qxd2+ 31. Kxd2 Nf3+ 32. Ke3 Nxh4 33. Bb8
g5 34. Bxa7 Ng2+ 35. Kf3 Nh4+ 36. Ke2 c4 37. Ke3 1-0

[Event "3MCR_4D_1L_3S"]
[Site "?"]
[Date "1999.??.??"]
[Round "3"]
[White "Hybl, Vladislav"]
[Black "Riha, Jan"]
[Result "1/2-1/2"]
[WhiteElo "2200"]
[BlackElo "2305"]
[PlyCount "70"]
[EventDate "1999.??.??"]
[EventType "corr"]

1. e4 e5 2. Nf3 Nf6 3. Nxe5 d6 4. Nf3 Nxe4 5. d4 d5 6. Bd3 Be7 7. O-O Nc6 8.
Re1 Bg4 9. c4 Nf6 10. cxd5 Bxf3 11. Qxf3 Qxd5 12. Qxd5 Nxd5 13. Be4 O-O-O 14.
Nc3 Bb4 15. Bxd5 Rxd5 16. a3 Bxc3 17. bxc3 Kd7 18. a4 Re8 19. Rxe8 Kxe8 20. f3
Kd7 21. Kf2 Nd8 22. Ke3 Ne6 23. g4 f5 24. Kd3 c5 25. Be3 cxd4 26. cxd4 Kd6 27.
h4 Ra5 28. Bd2 Rd5 29. Be3 b6 30. Kc4 Ra5 31. Kb4 Nd8 32. Rd1 Nc6+ 33. Kb3 fxg4
34. fxg4 Kd5 35. Rf1 h6 1/2-1/2

[Event "3MCR_4D_1L_3S"]
[Site "?"]
[Date "1999.??.??"]
[Round "3"]
[White "Svihel, Karel"]
[Black "Priesol, Daniel"]
[Result "0-1"]
[WhiteElo "2300"]
[BlackElo "2230"]
[PlyCount "72"]
[EventDate "1999.??.??"]
[EventType "corr"]

1. e4 e5 2. Nf3 Nf6 3. Nc3 Nc6 4. Bb5 Bb4 5. O-O O-O 6. d3 Bxc3 7. bxc3 d6 8.
Bg5 h6 9. Bh4 Qe7 10. Re1 Nb8 11. d4 c6 12. Bd3 Re8 13. Nd2 Nbd7 14. Nc4 Nf8
15. f4 Ng6 16. fxe5 dxe5 17. Bg3 Bg4 18. Qb1 exd4 19. cxd4 Nh5 20. Bd6 Qd7 21.
Qb4 Rad8 22. e5 Ngf4 23. Bf1 Bf5 24. Ne3 Be4 25. c4 Re6 26. Rad1 Rg6 27. Rd2
Qh3 28. e6 fxe6 29. Be5 Qh4 30. Rb2 Nh3+ 31. Kh1 Nf2+ 32. Kg1 Nf4 33. Bxf4 Nh3+
34. Kh1 Qxf4 35. Qc3 Rf6 36. c5 Rdf8 0-1

[Event "3MCR_4D_1L_3S"]
[Site "?"]
[Date "1999.??.??"]
[Round "3"]
[White "Hybl, Vladislav"]
[Black "Adamcik, Martin"]
[Result "1/2-1/2"]
[WhiteElo "2200"]
[BlackElo "2215"]
[PlyCount "48"]
[EventDate "1999.??.??"]
[EventType "corr"]

1. e4 c5 2. Nf3 Nc6 3. d4 cxd4 4. Nxd4 Nf6 5. Nc3 e5 6. Ndb5 d6 7. a4 h6 8. Nd5
Nxd5 9. exd5 Nb8 10. c4 Be7 11. Bd3 O-O 12. O-O a6 13. Nc3 a5 14. Be3 Na6 15.
f4 f5 16. Rc1 e4 17. Be2 Nc5 18. Nb5 b6 19. b3 Bd7 20. Nd4 Bf6 21. Rc3 g5 22.
g3 Qe7 23. Bh5 gxf4 24. Bxf4 Qg7 1/2-1/2

[Event "3MCR_4D_1L_3S"]
[Site "?"]
[Date "1999.??.??"]
[Round "3"]
[White "Adamcik, Martin"]
[Black "Sedlacek, Tomas"]
[Result "1/2-1/2"]
[WhiteElo "2215"]
[BlackElo "2190"]
[PlyCount "55"]
[EventDate "1999.??.??"]
[EventType "corr"]

1. d4 e6 2. c4 f5 3. g3 Nf6 4. Bg2 c6 5. Nf3 d5 6. O-O Bd6 7. b3 Qe7 8. Ne5 O-O
9. Nd2 Bd7 10. Bb2 Be8 11. Ndf3 Nbd7 12. Rc1 Bh5 13. Nd3 Ne4 14. Nfe5 g5 15. f3
Nef6 16. Qd2 h6 17. Bc3 Ba3 18. Nxd7 Qxd7 19. Rcd1 Bd6 20. Bb4 Bxb4 21. Qxb4
dxc4 22. Ne5 Qc7 23. bxc4 Rad8 24. c5 Nd7 25. Nc4 b6 26. Nd6 Nf6 27. Qb3 Nd5
28. e4 1/2-1/2

[Event "3MCR_4D_1L_3S"]
[Site "?"]
[Date "1999.??.??"]
[Round "3"]
[White "Vicenec, Roman"]
[Black "Svihel, Karel"]
[Result "0-1"]
[WhiteElo "2000"]
[BlackElo "2300"]
[PlyCount "72"]
[EventDate "1999.??.??"]
[EventType "corr"]

1. e4 c5 2. Nf3 d6 3. d4 cxd4 4. Nxd4 Nf6 5. Nc3 g6 6. Be3 Bg7 7. f3 Nc6 8. Qd2
O-O 9. Bc4 Bd7 10. O-O-O Rc8 11. Bb3 Ne5 12. h4 h5 13. Bg5 Rc5 14. Kb1 a5 15.
Rhe1 b5 16. f4 Nc4 17. Bxc4 Rxc4 18. e5 b4 19. exf6 exf6 20. Qd3 Rxc3 21. bxc3
bxc3 22. Nb5 Bg4 23. Rc1 fxg5 24. hxg5 Qb6 25. Ka1 d5 26. Qxd5 Be6 27. Rxe6
fxe6 28. Qc4 Qf2 29. g4 Qxf4 30. Qxf4 Rxf4 31. gxh5 gxh5 32. a3 h4 33. Ka2 a4
34. Rh1 Kf7 35. Rh3 Rg4 36. Nxc3 Rg3 0-1

[Event "3MCR_4D_1L_3S"]
[Site "?"]
[Date "1999.??.??"]
[Round "3"]
[White "Soucha, Stepan"]
[Black "Fiala, Jaroslav"]
[Result "1-0"]
[WhiteElo "2265"]
[BlackElo "2445"]
[PlyCount "53"]
[EventDate "1999.??.??"]
[EventType "corr"]

1. d4 Nf6 2. c4 c5 3. d5 e6 4. Nc3 exd5 5. cxd5 d6 6. e4 g6 7. f4 Bg7 8. Bb5+
Nfd7 9. a4 O-O 10. Nf3 Nf6 11. O-O Bg4 12. Re1 Nfd7 13. h3 Bxf3 14. Qxf3 Na6
15. Be3 Nb4 16. Qf2 a6 17. Bc4 Re8 18. Rad1 f5 19. e5 Rc8 20. e6 Nf6 21. g4
fxg4 22. f5 gxh3 23. fxg6 Ng4 24. Qg3 Nxe3 25. Rxe3 Rc7 26. Rf1 Bd4 27. Rf7 1-0

[Event "3MCR_4D_1L_3S"]
[Site "?"]
[Date "1999.??.??"]
[Round "3"]
[White "Hybl, Vladislav"]
[Black "Fiala, Jaroslav"]
[Result "1/2-1/2"]
[WhiteElo "2200"]
[BlackElo "2445"]
[PlyCount "72"]
[EventDate "1999.??.??"]
[EventType "corr"]

1. d4 d5 2. c4 c6 3. Nf3 Nf6 4. Nc3 e6 5. e3 Nbd7 6. Bd3 dxc4 7. Bxc4 b5 8. Bd3
b4 9. Ne4 Be7 10. Nxf6+ Nxf6 11. e4 c5 12. dxc5 Nd7 13. c6 Nc5 14. Bc2 Qxd1+
15. Kxd1 O-O 16. Be3 Ba6 17. Ke1 Rac8 18. Nd4 Bf6 19. f4 Bxd4 20. Bxd4 Rxc6 21.
Kf2 e5 22. Bxe5 Bd3 23. Bxd3 Nxd3+ 24. Kf3 Nxe5+ 25. fxe5 f6 26. Ke3 Rc2 27.
exf6 Rxf6 28. g4 Rxb2 29. Rhb1 Rff2 30. Rxb2 Rxb2 31. h4 Kf7 32. a4 Rb3+ 33.
Kd4 Ra3 34. Rc1 Rxa4 35. Rc7+ Ke6 36. Kc4 g6 1/2-1/2

[Event "3MCR_4D_1L_3S"]
[Site "?"]
[Date "1999.??.??"]
[Round "3"]
[White "Vicenec, Roman"]
[Black "Sedlacek, Tomas"]
[Result "1/2-1/2"]
[WhiteElo "2000"]
[BlackElo "2190"]
[PlyCount "56"]
[EventDate "1999.??.??"]
[EventType "corr"]

1. e4 e6 2. d4 d5 3. Nc3 Nf6 4. e5 Nfd7 5. f4 c5 6. Nf3 Nc6 7. Be3 cxd4 8. Nxd4
Bc5 9. Qd2 Nxd4 10. Bxd4 Bxd4 11. Qxd4 Qb6 12. Nb5 Qxd4 13. Nxd4 Ke7 14. Kd2 h5
15. g3 g6 16. Bg2 Nb6 17. b3 Bd7 18. a4 a5 19. Rhf1 Nc8 20. Rf3 Na7 21. Rd3
Rac8 22. c3 Rc7 23. Nc2 Rb8 24. Ne3 b5 25. axb5 Bxb5 26. Rxd5 exd5 27. Nxd5+
Kd8 28. Nxc7 Kxc7 1/2-1/2

[Event "3MCR_4D_1L_3S"]
[Site "?"]
[Date "1999.??.??"]
[Round "3"]
[White "Adamcik, Martin"]
[Black "Kropik, Jan"]
[Result "1/2-1/2"]
[WhiteElo "2215"]
[BlackElo "2010"]
[PlyCount "75"]
[EventDate "1999.??.??"]
[EventType "corr"]

1. d4 Nf6 2. c4 e6 3. Nc3 d5 4. Bg5 Be7 5. e3 O-O 6. Nf3 h6 7. Bh4 Nbd7 8. Rc1
c6 9. Bd3 a6 10. O-O dxc4 11. Bxc4 b5 12. Bd3 c5 13. a4 c4 14. Bb1 Nd5 15. Bxe7
Qxe7 16. b3 Nxc3 17. Rxc3 cxb3 18. axb5 axb5 19. Qxb3 Bb7 20. Nd2 Rfb8 21. Rfc1
Bd5 22. Qb2 Nb6 23. Qc2 g6 24. e4 Bb7 25. Qd3 Qd6 26. Qe3 Kg7 27. Nb3 Nc4 28.
Qf3 Ra3 29. Nc5 Ra7 30. Nb3 Ba8 31. Bd3 Ra2 32. h3 Rb6 33. Bxc4 bxc4 34. Rxc4
Bxe4 35. Qxe4 Rxb3 36. Rc6 Qd5 37. Qxd5 exd5 38. R6c5 1/2-1/2

[Event "3MCR_4D_1L_3S"]
[Site "?"]
[Date "1999.??.??"]
[Round "3"]
[White "Riha, Jan"]
[Black "Hala, Martin"]
[Result "0-1"]
[WhiteElo "2305"]
[BlackElo "2435"]
[PlyCount "88"]
[EventDate "1999.??.??"]
[EventType "corr"]

1. e4 e5 2. Nf3 Nc6 3. Bb5 f5 4. Nc3 fxe4 5. Nxe4 d5 6. Nxe5 dxe4 7. Nxc6 Qg5
8. Qe2 Nf6 9. f4 Qh4+ 10. g3 Qh3 11. Ne5+ c6 12. Bc4 Bc5 13. c3 Bf5 14. d4 exd3
15. Nxd3+ Be7 16. Bd2 b5 17. Bb3 Be4 18. Rf1 O-O-O 19. Ne5 Bc5 20. Nxc6 Rxd2
21. Kxd2 Qd7+ 22. Nd4 Bxd4 23. cxd4 Qxd4+ 24. Kc1 Kb8 25. Rd1 Rc8+ 26. Bc2 Qc5
27. Rd2 Qg1+ 28. Qd1 Qe3 29. Kb1 Nd5 30. a3 Qb3 31. Rd3 Qc4 32. b3 Qc6 33. Qd2
Qf6 34. Qe2 Bxd3 35. Qxd3 Nc3+ 36. Kc1 Re8 37. Qf5 Re1+ 38. Kd2 Rxa1 39. Qxf6
gxf6 40. Kxc3 h6 41. Be4 Rxa3 42. Kb4 Ra2 43. h4 a6 44. Kc5 Kc7 0-1

[Event "3MCR_4D_1L_3S"]
[Site "?"]
[Date "1999.??.??"]
[Round "3"]
[White "Symersky, Petr"]
[Black "Riha, Jan"]
[Result "0-1"]
[WhiteElo "2200"]
[BlackElo "2305"]
[PlyCount "76"]
[EventDate "1999.??.??"]
[EventType "corr"]

1. d4 Nf6 2. Nf3 g6 3. c4 Bg7 4. g3 O-O 5. Bg2 d6 6. O-O Nbd7 7. Nc3 e5 8. e4
exd4 9. Nxd4 Re8 10. h3 Nc5 11. Re1 a5 12. Qc2 a4 13. Bf4 Nfd7 14. Rad1 Bxd4
15. Rxd4 Ne6 16. Rdd1 Nxf4 17. gxf4 Nc5 18. f5 Bd7 19. Nd5 Bc6 20. Qc3 Bxd5 21.
Rxd5 Nd7 22. f4 Qh4 23. e5 Qxf4 24. Rf1 Qg5 25. exd6 cxd6 26. fxg6 Qxg6 27. Rd3
Re5 28. h4 Kh8 29. Rg3 Qh5 30. Qd4 Rg8 31. Rxg8+ Kxg8 32. Bxb7 Qg6+ 33. Kh1 Qg3
34. Rg1 Re1 35. Qf2 Rxg1+ 36. Qxg1 Qxg1+ 37. Kxg1 Nc5 38. Bf3 Nd3 0-1

[Event "3MCR_4D_1L_3S"]
[Site "?"]
[Date "1999.??.??"]
[Round "3"]
[White "Soucha, Stepan"]
[Black "Hybl, Vladislav"]
[Result "1/2-1/2"]
[WhiteElo "2265"]
[BlackElo "2200"]
[PlyCount "65"]
[EventDate "1999.??.??"]
[EventType "corr"]

1. d4 c5 2. d5 e5 3. e4 d6 4. Nc3 a6 5. a4 g6 6. Be2 f5 7. exf5 Bxf5 8. Bg4
Bxg4 9. Qxg4 Qd7 10. Qe2 Bg7 11. Nf3 Nf6 12. O-O O-O 13. Ng5 Qe7 14. Ne6 Rf7
15. Ng5 Rf8 16. Nce4 Nxe4 17. Nxe4 Nd7 18. a5 Nf6 19. Ra3 Nxe4 20. Qxe4 Rf7 21.
h4 Raf8 22. Rh3 Rf5 23. c4 Qf7 24. Be3 Qd7 25. b3 Qd8 26. Ra1 h5 27. Ra2 Kh7
28. b4 cxb4 29. Qb1 R8f7 30. Qxb4 Bh6 31. Qb6 Qc7 32. Qxc7 Rxc7 33. Rb2 1/2-1/2

[Event "3MCR_4D_1L_3S"]
[Site "?"]
[Date "1999.??.??"]
[Round "3"]
[White "Soucha, Stepan"]
[Black "Novak, Jindrich"]
[Result "1-0"]
[WhiteElo "2265"]
[BlackElo "2160"]
[PlyCount "81"]
[EventDate "1999.??.??"]
[EventType "corr"]

1. d4 Nf6 2. c4 g6 3. Nc3 Bg7 4. e4 d6 5. Be2 O-O 6. Nf3 e5 7. O-O Nbd7 8. Be3
Ng4 9. Bg5 f6 10. Bd2 Nh6 11. Qc2 exd4 12. Nxd4 Nc5 13. Rad1 Nf7 14. Be3 Ne6
15. Nxe6 Bxe6 16. c5 Qc8 17. Nd5 Bxd5 18. Rxd5 Rd8 19. Rfd1 Bf8 20. Bc4 Kg7 21.
Bb3 Be7 22. h3 b6 23. c6 a5 24. a4 Rf8 25. Rb5 Rb8 26. f4 Qe8 27. Bd4 Bd8 28.
Re1 Be7 29. Qc3 Qd8 30. Be6 Ra8 31. Rd5 Rb8 32. e5 h6 33. h4 fxe5 34. fxe5 Kh7
35. h5 Nh8 36. exd6 Bxd6 37. Bxh8 Rxh8 38. Bf7 Rg8 39. hxg6+ Rxg6 40. Bxg6+
Kxg6 41. Re6+ 1-0

[Event "3MCR_4D_1L_3S"]
[Site "?"]
[Date "1999.??.??"]
[Round "3"]
[White "Novak, Jindrich"]
[Black "Hladecek, Miloslav"]
[Result "1/2-1/2"]
[WhiteElo "2160"]
[BlackElo "2135"]
[PlyCount "78"]
[EventDate "1999.??.??"]
[EventType "corr"]

1. d4 Nf6 2. c4 e6 3. Nc3 Bb4 4. Qc2 O-O 5. a3 Bxc3+ 6. Qxc3 b6 7. f3 d5 8. Bg5
Bb7 9. e3 Nbd7 10. Nh3 Re8 11. Bd3 h6 12. Bh4 c5 13. cxd5 cxd4 14. exd4 exd5+
15. Kd1 Ne4 16. Bxd8 Nxc3+ 17. bxc3 Raxd8 18. Kd2 Nf6 19. Rhe1 Bc6 20. Nf2 b5
21. Rab1 a6 22. Bf1 Kf8 23. Nd3 Nd7 24. Ne5 Nxe5 25. Rxe5 Rxe5 26. dxe5 g5 27.
Ke3 f6 28. exf6 Rd6 29. Kd4 Rxf6 30. Be2 Ke7 31. g3 Be8 32. Rf1 Re6 33. Bd3 Kd6
34. f4 gxf4 35. Rxf4 Bg6 36. Rf8 Bxd3 37. Kxd3 Kc5 38. Rc8+ Kb6 39. Rd8 Kc6
1/2-1/2

[Event "3MCR_4D_1L_3S"]
[Site "?"]
[Date "1999.??.??"]
[Round "3"]
[White "Riha, Jan"]
[Black "Novak, Jindrich"]
[Result "1-0"]
[WhiteElo "2305"]
[BlackElo "2160"]
[PlyCount "83"]
[EventDate "1999.??.??"]
[EventType "corr"]

1. e4 e6 2. d4 d5 3. Nc3 Bb4 4. e5 c5 5. a3 Bxc3+ 6. bxc3 Qc7 7. Qg4 f5 8. Qg3
cxd4 9. cxd4 Ne7 10. Bd2 O-O 11. Bd3 Nbc6 12. Ne2 Bd7 13. O-O Ng6 14. Rab1 a6
15. h4 Rf7 16. h5 Nf8 17. Rb3 b5 18. Qh4 Na5 19. Rc3 Nc4 20. Bg5 Qa5 21. Be7
Nb2 22. Kh2 Rc8 23. Rb3 Nxd3 24. Rxd3 Rxc2 25. Nf4 h6 26. Ng6 Nh7 27. Bd8 Qa4
28. Bb6 b4 29. Bc5 Ng5 30. Rb1 Bb5 31. f4 Rc3 32. Rxc3 bxc3 33. fxg5 c2 34. Rc1
Bd3 35. Ne7+ Kh8 36. g6 Rf8 37. Nxf5 Rb8 38. Bf8 Rxf8 39. Qe7 Rg8 40. Nd6 Rb8
41. Nf7+ Kg8 42. Nd8 1-0

[Event "3MCR_4D_1L_3S"]
[Site "?"]
[Date "1999.??.??"]
[Round "3"]
[White "Kropik, Jan"]
[Black "Symersky, Petr"]
[Result "1-0"]
[WhiteElo "2010"]
[BlackElo "2200"]
[PlyCount "79"]
[EventDate "1999.??.??"]
[EventType "corr"]

1. e4 e5 2. Nf3 Nc6 3. Bb5 a6 4. Ba4 Nf6 5. O-O Be7 6. Re1 b5 7. Bb3 O-O 8. c3
d6 9. h3 Na5 10. Bc2 c5 11. d4 Qc7 12. d5 Bd7 13. b3 Rfc8 14. Nbd2 c4 15. b4
Nb7 16. a4 a5 17. Ba3 axb4 18. Bxb4 Nc5 19. axb5 Bxb5 20. Qe2 Nd3 21. Bxd3 cxd3
22. Qe3 Qb7 23. Reb1 Nd7 24. Ba5 Qa6 25. Qe1 h6 26. Bd8 Bxd8 27. Rxa6 Bxa6 28.
Qc1 Nc5 29. g4 g6 30. h4 Rcb8 31. Rxb8 Rxb8 32. Qa3 Kg7 33. Nxe5 dxe5 34. Qxc5
Rb2 35. Nf3 Bxh4 36. Qa3 Bxf2+ 37. Kh1 Rb6 38. c4 Bxc4 39. Qc3 Be3 40. Kg2 1-0

[Event "3MCR_4D_1L_3S"]
[Site "?"]
[Date "1999.??.??"]
[Round "3"]
[White "Priesol, Daniel"]
[Black "Hala, Martin"]
[Result "1-0"]
[WhiteElo "2230"]
[BlackElo "2435"]
[PlyCount "91"]
[EventDate "1999.??.??"]
[EventType "corr"]

1. e4 e5 2. Nf3 Nc6 3. d4 exd4 4. Nxd4 Bc5 5. Nxc6 Qf6 6. Qd2 dxc6 7. Nc3 Be6
8. Na4 Rd8 9. Bd3 Bd4 10. O-O Nh6 11. c3 Ng4 12. cxd4 Qxd4 13. Qc2 Qd6 14. g3
Qxd3 15. Qxd3 Rxd3 16. Nc5 Rf3 17. Kg2 Bc4 18. Kxf3 Nxh2+ 19. Kg2 Nxf1 20. Bf4
b6 21. b3 Be2 22. Re1 Bb5 23. a4 bxc5 24. axb5 Nxg3 25. Kxg3 cxb5 26. Ra1 Kd7
27. Rxa7 Rc8 28. Be3 Kc6 29. Ra6+ Kb7 30. Ra1 Rd8 31. Rh1 h6 32. Bxc5 Rd3+ 33.
f3 Rxb3 34. Bf8 g6 35. Rxh6 Rd3 36. Rh7 Rd7 37. Kf4 Kb6 38. Kg5 c5 39. Kf6 b4
40. Rxf7 Rd3 41. Kxg6 b3 42. Bg7 c4 43. Rf8 c3 44. Rb8+ Ka7 45. Rb4 Rxf3 46.
Bd4+ 1-0

[Event "3MCR_4D_1L_3S"]
[Site "?"]
[Date "1999.??.??"]
[Round "3"]
[White "Riha, Jan"]
[Black "Priesol, Daniel"]
[Result "0-1"]
[WhiteElo "2305"]
[BlackElo "2230"]
[PlyCount "98"]
[EventDate "1999.??.??"]
[EventType "corr"]

1. e4 e5 2. Nf3 Nf6 3. Nc3 Nc6 4. Bb5 Bb4 5. O-O O-O 6. d3 Bxc3 7. bxc3 d6 8.
Bg5 h6 9. Bh4 Qe7 10. Re1 Nb8 11. d4 c6 12. Bd3 Re8 13. h3 Nbd7 14. Qd2 Nf8 15.
g4 Ng6 16. Bg3 Nh7 17. Kg2 Qf6 18. Qe3 Ng5 19. Nxg5 hxg5 20. Rh1 Nf4+ 21. Kf1
Be6 22. f3 Rad8 23. Kf2 d5 24. Rad1 Ng6 25. h4 exd4 26. Qxd4 dxe4 27. Qxf6 gxf6
28. fxe4 gxh4 29. Bxh4 Kg7 30. Kg3 Rh8 31. a3 c5 32. e5 Nxe5 33. Rdf1 Nd7 34.
Be4 b6 35. Rh2 Rh6 36. Rhf2 Re8 37. Rf4 Rg8 38. Bf5 Bxf5 39. gxf5 Kf8+ 40. Kf2
Ne5 41. Ke2 Rg2+ 42. Bf2 Rh3 43. Kd2 Ng4 44. a4 Rhh2 45. Ke1 Rxf2 46. R4xf2
Rxf2 47. Rxf2 Nxf2 48. Kxf2 Ke7 49. Ke3 Kd6 0-1